International Conference on European Integration 2018 Proceedings of the 4th International Conference on European Integration 2018 : May 17 – 18, 2018 Ostrava, Czech Republic

Salvato in:
Dettagli Bibliografici
Enti autori: International Conference on European Integration 2018. International Conference, Faculty of Economics VŠB – Technical University of Ostrava. Department of European Integration
Altri autori: Staníčková, Michaela, Melecký, Lukáš, Kovářová, Eva, Baláž, Peter, Barcik, Agnieszka
Natura: Libro
Lingua:inglese
Pubblicazione: Ostrava VŠB - Technical University of Ostrava 2018
Edizione:1st edition
Soggetti:
Tags: Aggiungi Tag
Nessun Tag, puoi essere il primo ad aggiungerne!!

MARC

LEADER 00000nlm a2200000 4500
001 0243098
005 20240826114706.8
020 |a 978-80-248-4169-4 
022 |a 2571-029X 
041 0 |a eng 
044 |a CZ 
245 1 0 |a International Conference on European Integration 2018  |b Proceedings of the 4th International Conference on European Integration 2018 : May 17 – 18, 2018 Ostrava, Czech Republic  |c Editors: Michaela Staníčková ... [et al.] ; Reviewers: Peter Baláž ... [et al.] 
250 |a 1st edition 
264 1 |a Ostrava  |b VŠB - Technical University of Ostrava  |c 2018 
300 |a CD-ROM [1668 s.] 
610 2 0 |a integrácia ekonomická medzinárodná 
610 2 0 |a spolupráca hospodárska medzinárodná 
610 2 0 |a vzťahy hospodárske medzinárodné 
610 2 0 |a Európska únia 
610 2 0 |a Slovensko 
700 1 |a Staníčková, Michaela 
700 1 |a Melecký, Lukáš 
700 1 |a Kovářová, Eva 
700 1 |a Baláž, Peter 
700 1 |a Barcik, Agnieszka 
110 2 |a International Conference on European Integration 2018. International Conference 
710 2 |a Faculty of Economics VŠB – Technical University of Ostrava. Department of European Integration